000 00660nam a2200241Ia 4500
003 OSt
005 20220918231256.0
006 a|||||r|||| 00| 0
007 ta
008 220917b |||||||| |||| 00| 0 eng d
024 _a275,179
037 _cTextual
040 _aARTS
_cARTS
_beng
041 _2eng
_aeng
082 _aE5, G0
100 _aBarger George
_9154112
245 0 _aSome applictions of organic chemistry to biology and medicine
260 _aLondon
_bMcgraw-hill book company, Inc.
_c1930
300 _a186
_ccm.
650 _aCHEMISTRY
_96590
942 _hE5, G0
_cTEXL
_2CC
999 _c290392
_d290392